| 000 | 00601nam a2200217 a 4500 | ||
|---|---|---|---|
| 005 | 20140310183450.0 | ||
| 008 | 090114s19uu xx 00 eng d | ||
| 020 | _a9780071283700 | ||
| 050 |
_aHF 5657.4 _b.Z55 2009 |
||
| 100 | _aZimmerman, Jerold L. | ||
| 245 |
_aAccounting for decision making and control./ _cJerold L. Zimmerman. |
||
| 250 | _a6th ed. | ||
| 260 |
_aU.S.A : _bMcGraw-Hill, _c2009. |
||
| 300 |
_a733 p. : _bill. col. ; _c27 cm. |
||
| 521 | _aBSBA | ||
| 650 | _aBSBA. | ||
| 650 | _aManagement of Accounting. | ||
| 942 |
_cBK _2lcc _kFOR |
||
| 999 |
_c23369 _d23369 |
||